LEADER 03620 am 2200673 n 450 001 9910131406303321 005 20150617 010 $a2-7535-2414-9 024 7 $a10.4000/books.pur.17251 035 $a(CKB)3710000000442000 035 $a(FrMaCLE)OB-pur-17251 035 $a(oapen)https://directory.doabooks.org/handle/20.500.12854/41782 035 $a(PPN)267932383 035 $a(EXLCZ)993710000000442000 100 $a20150709j|||||||| ||| 0 101 0 $afre 135 $auu||||||m|||| 181 $ctxt$2rdacontent 182 $cc$2rdamedia 183 $acr$2rdacarrier 200 13$aLe bagne de Brest $eNaissance d'une institution carcérale au siècle des Lumières /$fFrédérique Joannic-Seta 210 $aRennes $cPresses universitaires de Rennes$d2015 215 $a1 online resource (385 p.) 311 $a2-86847-484-5 330 $aNée de la volonté royale de dissoudre le trop coûteux corps des Galères, l'ordonnance de 1748 trouve l'une de ses premières applications concrètes avec l'arrivée à Brest d'un petit millier de galériens, escortés de quelques surveillants bien au fait de la réglementation des chiourmes. C'est de cette installation que naît en 1749 le bagne de Brest. Plus que le XIXe siècle, période de stabilisation, la deuxième moitié du XVIIIe siècle, qui nous intéresse ici, marque l'émergence de cette nouvelle structure répressive. Celle-ci se dégage progressivement du monde des galères dont elle est directement issue pour acquérir son autonomie propre ; le siècle des Lumières voit la disparition des galériens, condamnés à tirer la rame, au profit des forçats, main d'?uvre bon marché employée dans les arsenaux de la Marine. En même temps, de nouvelles notions apparaissent, comme le souci sous-jacent de l'exemplarité de la peine, concrétisée par le long cheminement des chaînes à travers la France, et celui de la réinsertion des forçats dans la société. Structure paradoxalement ouverte vers le monde extérieur, le bagne apparaît aussi comme l'un des éléments participant à l'économie de la cité brestoise, aussi bien par le réservoir à main d'?uvre qu'il constitue, y compris pour les simples particuliers, que pour les négoces qui se créent autour de lui, comme la fourniture des aliments ou des vêtements. Brest, arsenal alors en plein essor et que les man?uvres de la guerre d'Amérique viendront conforter dans son rôle prépondérant, constitue donc à plusieurs égards un exemple. 606 $aHistory 606 $aLaw (General) 606 $abagne 606 $aprison 606 $ahistoire des institutions 606 $ahistoire de la justice 606 $aétude régionale 606 $aévolution judiciaire 606 $aSiècle des Lumières 607 $aDouarnenez (France)$xHistory 610 $ahistoire des institutions 610 $aévolution judiciaire 610 $aétude régionale 610 $ahistoire de la justice 610 $abagne 610 $aprison 610 $aSiècle des Lumières 615 4$aHistory 615 4$aLaw (General) 615 4$abagne 615 4$aprison 615 4$ahistoire des institutions 615 4$ahistoire de la justice 615 4$aétude régionale 615 4$aévolution judiciaire 615 4$aSiècle des Lumières 676 $a944/.11 700 $aJoannic-Seta$b Frédérique$01298658 701 $aZysberg$b André$0729374 801 0$bFR-FrMaCLE 906 $aBOOK 912 $a9910131406303321 996 $aLe bagne de Brest$93024921 997 $aUNINA LEADER 02286pam 2200601 a 450 001 9910495863203321 005 20230828200726.0 010 $a0-585-31299-0 035 $a(CKB)111004366704152 035 $a(MH)002112247-4 035 $a(SSID)ssj0000119473 035 $a(PQKBManifestationID)11988789 035 $a(PQKBTitleCode)TC0000119473 035 $a(PQKBWorkID)10057022 035 $a(PQKB)10599077 035 $a(EXLCZ)99111004366704152 100 $a19900509d1991 ub 0 101 0 $aeng 135 $aur||||||||||| 181 $ctxt 182 $cc 183 $acr 200 10$aCervantes and the burlesque sonnet /$fAdrienne Laskier Martín$b[electronic resource] 210 $aBerkeley $cUniversity of California Press$dc1991 215 $a1 online resource (ix, 295 p. ) 300 $aRevision of the author's thesis (doctoral--Harvard University). 300 $a"Published with the cooperation of the Center for Medieval and Renaissance Studies, University of California, Los Angeles"--P. [i]. 311 $a0-520-07045-3 320 $aIncludes bibliographical references (p. 275-289) and index. 531 $aCERVANTES & THE BURLESQUE SONNET 606 $aSonnets, Spanish$xHistory and criticism 606 $aSonnets, Spanish$xHistory and criticism 606 $aRomance Literatures$2HILCC 606 $aLanguages & Literatures$2HILCC 606 $aSpanish Literature$2HILCC 608 $aCriticism, interpretation, etc.$2fast 608 $aHumor.$2fast 615 0$aSonnets, Spanish$xHistory and criticism. 615 0$aSonnets, Spanish$xHistory and criticism. 615 7$aRomance Literatures 615 7$aLanguages & Literatures 615 7$aSpanish Literature 676 $a861/.3 700 $aMarti?n$b Adrienne L$0403062 702 $aMartâin$b Adrienne Laskier 801 0$bDLC 801 1$bDLC 801 2$bHLS 906 $aBOOK 912 $a9910495863203321 996 $aCervantes and the burlesque sonnet$9564480 997 $aUNINA 999 $aThis Record contains information from the Harvard Library Bibliographic Dataset, which is provided by the Harvard Library under its Bibliographic Dataset Use Terms and includes data made available by, among others the Library of Congress LEADER 01968nas 2200613-a 450 001 9910138571103321 005 20260218110448.0 011 $a2173-6537 035 $a(CKB)110978966560578 035 $a(CONSER)sn-86010001- 035 $a(DE-599)ZDB2107956-0 035 $a(DE-599)2107956-0 035 $a(EXLCZ)99110978966560578 100 $a20750720b19662002 --- b 101 0 $aspa 181 $ctxt$2rdacontent 182 $cc$2rdamedia 183 $acr$2rdacarrier 200 00$aActa geologica Hispanica 210 $a[Barcelona, Spain] $cInstituto Nacional de Geología, Consejo Superior de Investigaciones Científicas$d1966-2002 215 $a1 online resource 300 $aAño 7 includes a Número bibliográfico entitled: Bibliografía geológica española, pub. in 1970. 311 08$aPrint version: Acta geologica Hispanica. 0567-7505 (DLC)sn 86010001 (OCoLC)1460890 531 $aMundo del agrónomo 531 0 $aActa geol. hisp. 606 $aGeology$vPeriodicals 606 $aPaleontology$vPeriodicals 606 $aGeology$zSpain$vPeriodicals 606 $aGeology$2fast$3(OCoLC)fst00940627 606 $aPaleontology$2fast$3(OCoLC)fst01051513 606 $aGeologie$2gtt 606 $aGeologie$2gnd 606 $aGeowissenschaften$2gnd 606 $aZeitschrift$2gnd 607 $aSpain$2fast 607 $aSpanien$2gnd 608 $aZeitschrift. 608 $aPeriodicals.$2fast 615 0$aGeology 615 0$aPaleontology 615 0$aGeology 615 7$aGeology. 615 7$aPaleontology. 615 17$aGeologie. 615 7$aGeologie. 615 7$aGeowissenschaften. 615 7$aZeitschrift. 712 02$aInstituto Nacional de Geología (Spain) 712 02$aInstituto Jaime Almera de Investigaciones Geológicas. 906 $aJOURNAL 912 $a9910138571103321 920 $aexl_impl conversion 996 $aActa geologica Hispanica$92187547 997 $aUNINA